| 000 | 00591nam a2200157 a 4500 | ||
|---|---|---|---|
| 001 | 000046752 | ||
| 005 | 20201002053109.0 | ||
| 008 | 180321s2015 dr 000 spa d | ||
| 020 | _a9789945590197 | ||
| 040 |
_aDO-SdBNP _bspa _cBNPHU |
||
| 100 | 1 |
_aCaraballo, Cueto, José G. _974693 |
|
| 245 | 0 |
_aCapacidad local para beneficiarse de la globalización y aumentar el empleo :. : _bel caso de la República Dominicana / _cJosé G. Caraballo Cueto. |
|
| 260 |
_aSanto Domingo : _bFundación Global Democracia y Desarrollo, _c2015. |
||
| 300 |
_a63 p. ; _c21 cm. |
||
| 590 | _aInventariado,2018/DG | ||
| 999 |
_c46241 _d46241 |
||